01458cam a2200349 a 4500001001400000003000800014005001700022006001900039007001500058008004100073020003800114040003000152049002600182050002700208082001700235245014400252260005300396300004400449520019900493521001700692588004700709504005100756650003200807650002200839655002900861700002200890710001600912776003500928856011000963942001601073999001901089EDZ0000085141StDuBDS20161031105146.0m||||||||d||||||||cr |||||||||||120516s1997 caub fo| 001|0|eng|d a9781452225807 (ebook) :cNo price aStDuBDSbengcStDuBDSepn aAlfaisal Main Library 0aHF5549.5.M5bM365 199704a658.300822300aManaging the organizational melting poth[electronic resource] :bdilemmas of workplace diversity /cPushkala Prasad ... [et al.], editors. aThousand Oaks, Calif. ;aLondon :bSAGE,cc1997. a1 online resource (vii, 395 p.) :bmap.8 aUsing examples from companies in Canada, USA, Great Britain and the Middle East, 'Managing the Organizational Melting Pot' examines the effects of increasing cultural diversity in the workplace. aSpecialized. aDescription based on print version record. aIncludes bibliographical references and index. 0aDiversity in the workplace. 0aMulticulturalism. 7aElectronic books.2local1 aPrasad, Pushkala.2 aSage eBooks08iPrint version :z978080397411140uhttp://ezproxy.alfaisal.edu/login?url=http://sk.sagepub.com/books/managing-the-organizational-melting-pot 2lcccEBOOKS c480597d480597